000 00490pab a2200169 454500
008 180718b1995 xxu||||| |||| 00| 0 eng d
100 _aPathy, Jaganath
245 _aColonial ethnography of the Kandha
_b`white man's burden' or political expediency?
260 _c1995
300 _ap.220-28
362 _a28 Jan
650 _aKandha (Oriya Tribe)
650 _aCaste - India - Orissa
650 _aTribes - India - Orissa
773 _aEconomic and Political Weekly
909 _a28514
999 _c28514
_d28514